000 01555nam a2200349 c 4500
003 BLK
005 20180420232820.0
008 180409b bul|||||r ||||||| ||bul||
010 _aKNG00142287000
040 _aBLK
041 _aBUL
_cBUL
080 _aБог. Деизъм. Теизъм. Атеизъм. Свободомислие. Вж и 122; 125; 141. 132;231; 234; 239; 272/273; 291. 2
_b211
_x
_z211
100 1 _aБораджиев, Дончо
_eпърви автор
_941519
700 1 _aПетков, Драгомир
_eсъавт.
_9325288
139 _aБораджиев, Дончо и др.
_bБ 64
245 1 0 _aРелигията, суеверията и предразсъдъците - врагове на здравето
_cДончо Бораджиев; съавт. Драгомир Петков.
257 _aBGR
260 София
_bМедицина и физкултура
_c1962
300 _a28 с.
_c18 см
380 _a2
490 1 _aБиблиотека Здравни беседи за селото
_v4
500 _aИзд. на Републ. дом за здравна просв. - 3 075 тир.
650 4 _aРелигиозни предразсъдъци и суеверия
_9264887
653 _aрелигия
653 _aсуеверия
653 _aпредразсъдъци
852 _aЦб І 5393
856 4 _qpdf
_u
856 4 _qpdf
_u
942 _cKNG
_n0
944 _aCR
_c20.04.2013
_l20.04.2013 - от С1,Р / 20.04.2013
_kПравда_Бадева
944 _aED
_c20.04.2013
_l20.04.2013 - от С1,Р / 20.04.2013
_k
999 _c136346
_d136346